Contabilidad básica; libro 2§ /
Guardado en:
| Autor Principal: | |
|---|---|
| Formato: | Libro |
| Publicado: |
Argentina :
Talleres Gráficos Fa.va.ro,
1985
|
| Materias: | |
| Etiquetas: |
Agregar Etiqueta
Sin Etiquetas, Sea el primero en etiquetar este registro!
|
| LEADER | 01049nam a22001815a 4500 | ||
|---|---|---|---|
| 001 | CEM.cems002586 | ||
| 005 | 19000101000000.0 | ||
| 008 | 130507s1985##################000#0#####d | ||
| 003 | CEMS | ||
| 082 | 0 | 4 | |a 657 |
| 100 | 1 | |a Fowler Newton, Enrique | |
| 245 | 1 | 0 | |a Contabilidad básica; libro 2§ / |
| 260 | |a Argentina : |b Talleres Gráficos Fa.va.ro, |c 1985 | ||
| 300 | |a 282 p. | ||
| 505 | 0 | |a Principios y normas de contabilidad; an lisis preliminar: principios de contabilidad generalmente aceptados; principios y normas en vigencia; uniformidad y significaci¢n.-Valuaci¢n: criterios b sicos; aportes y retiros de los propietarios; bienes de uso; actualizaciones y revaluaciones de bienes de uso; bienes intangibles; bienes de cambio y otras existencias. -Trabajo personal y otros servicios.-Ventas y cuentas a cobrar.-Operaciones financieras.-Operaciones en moneda extranjera.-Inversiones y sus resultados. -Impuestos y tasas. | |
| 653 | |a Conciliaciones bancarias | ||
| 653 | |a Contabilidad | ||
| 859 | |a CEMS |b BIB. CEMS - 11 de abril |h 657 |i F829-1 |p 13896.86 |t Ej.1 | ||
